| 000 | 005050000a22001570004500 | ||
|---|---|---|---|
| 003 | MACL | ||
| 005 | 20170802123644.0 | ||
| 008 | 170802b xxu||||| |||| 00| 0 eng d | ||
| 040 | _cmacl | ||
| 100 |
_a दत्ता,स्वप्ना _968476 |
||
| 245 | _aटिलटिल का साहस | ||
| 260 |
_b नेशनल बुक ट्रस्ट _c2000 _aदिल्ली |
||
| 350 | _a7 | ||
| 650 |
_aबाल पुस्तक _919667 |
||
| 942 |
_cHIN _k741.642 _2ddc |
||
| 999 |
_c12286 _d12286 |
||